Pobreza y exclusión: principales actores de la problemática educativa latinoamericana y caribeña /
محفوظ في:
| المؤلف الرئيسي: | |
|---|---|
| التنسيق: | نص |
| الموضوعات: | |
| الوسوم: |
إضافة وسم
لا توجد وسوم, كن أول من يضع وسما على هذه التسجيلة!
|
MARC
| LEADER | 00000 a a2200000 04500 | ||
|---|---|---|---|
| 001 | 4420 | ||
| 003 | |||
| 040 | |||
| 100 | |a Pérez Cruz, Felipe de J. | ||
| 245 | |a Pobreza y exclusión: principales actores de la problemática educativa latinoamericana y caribeña / |c Felipe de J. Pérez Cruz | ||
| 650 | |a POBREZA | ||
| 650 | |a MARGINALIDAD | ||
| 650 | |a EDUCACION | ||
| 650 | |a NEOLIBERALISMO | ||
| 650 | |a BANCO MUNDIAL | ||
| 650 | |a DESEMPLEO | ||
| 650 | |a PROBLEMAS SOCIALES | ||
| 650 | |a POBREZA | ||
| 650 | |a RENDIMIENTO DE LA EDUCACION | ||
| 650 | |a INGRESO | ||
| 773 | |g volumen 16, número 31; páginas 95-125 | ||
| 999 | |c 20990 |d 20990 | ||
